00532nam a2200193Ia 4500003000400000005001700004008004100021020002900062040001700091082002000108100001600128245007700144260002400221300001700245650001400262650002500276700002300301700001400324IIN20251125124151.0231217s9999 xx 000 0 und d cRs.450.00a9789350251119 aIINbEnglish a610.73072 bNIR1 aNirmala, V 1 aResearch Methodology in NursingcNirmala V, J Silvia Edison and Suni M.S bJaypeeaKochic2011 axiii, 192 p.1 aResearch 1 aResearch Methodology1 aEdison, J Silvia 1 aSuni, M.S